Profile: Abraham Lincoln Quiz Stats

 Plays Quiz Updated Mar 18, 2017

Score 0/30 Timer 06:00
5 Plays Today
% Correct
American War During His PresidencyAmerican Civil War
89.3%
Political Party as PresidentRepublican
88.9%
Bill He's Been on for a CenturyFive Dollar Bill
88.6%
Assassinated ByJohn Wilkes Booth
88.4%
Coin He's Been on for a CenturyPenny
87.2%
Year Died1865
85.8%
State of BirthKentucky
83.9%
SpouseMary Todd
82%
Speech Given in PA on Nov. 19, 1863Gettysburg Address
81.7%
State He Represented in CongressIllinois
81%
Number of Lincoln's PresidencySixteenth
80.6%
US State with a Capital Named for HimNebraska
74.8%
Second Vice PresidentAndrew Johnson
72.3%
Main Non-political OccupationLawyer
72.1%
Executive Order Signed on Sep. 22, 1862Emancipation Proclamation
70.6%
% Correct
Year of Birth1809
70.1%
Adult Height (ft., in. or cm)6 ft. 4 in. (193 cm)
67%
Theater Where He Was ShotFord's Theatre
65.2%
President Before LincolnJames Buchanan
62.9%
Political Party as RepresentativeWhig
62.5%
SonTad
49.9%
Second Place Candidate in 1860*Stephen A. Douglas
49.2%
SonWillie
38.1%
SonRobert
37.9%
First Vice PresidentHannibal Hamlin
33.8%
Losing Candidate in 1864George B. McClellan
26.1%
Military Service WarBlack Hawk War
23.5%
SonEdward
19.6%
Third Place Candidate in 1860*John C. Breckinridge
17.1%
Fourth Place Candidate in 1860*John Bell
14.5%

You're not logged in!

Compare scores with friends on all Sporcle quizzes.
OR
Log In

Sporcle TV

Today on Sporcle TV


Watch our educational content, quiz creation guides, and fun videos on Sporcle TV.

Show Comments

Extras

Top Quizzes Today


Score Distribution

Your Account Isn't Verified!

In order to create a playlist on Sporcle, you need to verify the email address you used during registration. Go to your Sporcle Settings to finish the process.

Report this User

Report this user for behavior that violates our Community Guidelines.

Details: